00630pam a2200217 a 4500001000800000005001700008008004100025010001700066020001500083040001800098041000800116080001600124082002000140100000700160101000800167245004800175906004500223942001200268999001700280952011500297242249220180104074934.0870819s1988 maua 001 0 eng  a 87022721  a0534871674 aDLCcDLCdDLC aeng a651.74 WEL00a651.74 WEL2191 a59 aBUS10aCommunications in business /cWalter Wells. a7bcbccorignewd1eocipf19gy-gencatlg 2ddccBK c39734d39734 00102udc40708PËKGa002b002cPËKGd2018-01-04l0o651.74 WELp002-2939739r2018-01-04w2018-01-04yBK